|
|
|
|
| LEADER |
00000nam0a2200000 4500 |
| 001 |
100314 |
| 005 |
20231031112058.0 |
| 010 |
|
|
|a 5857790689
|
| 020 |
|
|
|a RU
|b 93-28241
|
| 035 |
|
|
|a (RuTPU)RU\TPU\book\107918
|
| 090 |
|
|
|a 100314
|
| 100 |
|
|
|a 20060821d1993 m y0rusy5003 ca
|
| 101 |
1 |
|
|a rus
|c eng
|
| 102 |
|
|
|a RU
|
| 105 |
|
|
|a a z 000ay
|
| 200 |
1 |
|
|a Игроки Зимы
|e Фантастические произведения
|e пер. с англ.
|f Т. Ли
|g сост. И. А. Кузовлев; худож. К. Ю. Комардин
|
| 210 |
|
|
|a Екатеринбург
|c КРОК-центр
|d 1993
|
| 215 |
|
|
|a 474,[2] с.
|c ил.
|d 22 см
|
| 225 |
1 |
|
|a Иноземье
|
| 464 |
|
|
|t Попутчики; Одержимый Шон; Игроки Зимы; Серебряный любовник;
|o романы
|
| 610 |
1 |
|
|a фантастические романы
|
| 675 |
|
|
|a 82
|z rus
|v 3
|
| 700 |
|
1 |
|a Ли
|b Т.
|g Тэнит
|4 070
|
| 702 |
|
1 |
|a Кузовлев
|b И. А.
|4 220
|
| 702 |
|
1 |
|a Комардин
|b К. Ю.
|4 440
|
| 801 |
|
0 |
|a RU
|b RuMRKP
|c 19950413
|g psbo
|
| 801 |
|
1 |
|a RU
|b 63413507
|c 20060821
|g PSBO
|
| 801 |
|
2 |
|a RU
|b 63413507
|c 20150723
|g PSBO
|
| 942 |
|
|
|c BK
|